Religion Quiz

Random Religion or Church Quiz

Find the 5 Pillars of Islam Quiz Stats

 Plays Quiz Updated Mar 9, 2015

Challenge
Share
Tweet
Embed
Score 0/5 Timer 01:00
0 Plays Today
% Correct
Hajj
89.3%
Salat
74.3%
Zakat
67.2%
Sawm
64.2%
Shahada
63.2%

You're not logged in!

Compare scores with friends on all Sporcle quizzes.
OR
Log In

You Might Also Like...

Show Comments

Extras

Top Quizzes Today


Score Distribution

Your Account Isn't Verified!

In order to create a playlist on Sporcle, you need to verify the email address you used during registration. Go to your Sporcle Settings to finish the process.

Report this User

Report this user for behavior that violates our Community Guidelines.

Details: